| 000 | 01096cam a22002651 4500 | ||
|---|---|---|---|
| 001 | 31194 | ||
| 003 | BD-RjUL | ||
| 005 | 20211209051654.0 | ||
| 008 | 140413s1960 pk 000 0beng d | ||
| 035 | _a(BD-RjUL)31281 | ||
| 035 | _a(OCoLC)4362974 | ||
| 040 |
_aDLC _cCoFS _dCoFS _dDLC _dBD-RjUL _beng |
||
| 041 | _aeng | ||
| 082 | 0 | 0 |
_a181.4 _bIQB 1960 |
| 245 | 0 | 0 |
_aIqbal as a thinker / _cessays by eminent scholars. |
| 250 | _a3rd ed | ||
| 260 |
_aLahore : _bSh. M. Ashraf, _c1960. |
||
| 300 |
_aviii, 304 p. ; _c19 cm. |
||
| 505 | 0 | _aIqbal's conception of time and space, by M. Razi-ud-din Siddiqi.-Progressive trends in Iqbal's thought, by K. G. Saiyidain.-Iqbal's conception of God, by M. M. Sharif.-Rumi, Nietzsche and Iqbal, by K. A. Hakim.-Iqbal and mysticism, by Fazl-ur-Rehman.-Iqbal's political theory, by M. Aziz Ahmad.-Iqbal's conception of art, by Kalim-ud-din Ahmad.- Iqbal's attitude towards God, by Fayyas Mahmood. | |
| 600 | 1 | 0 |
_aIqbal, Muhammad, _cSir, _d1877-1938. _994872 |
| 650 | 0 |
_aIslam. _994866 |
|
| 942 |
_2ddc _cBK |
||
| 999 |
_c31194 _d31194 |
||